=LDR 00000nam 2200000 4500 =001 INLIS000000000011551 =005 20201110093539 =035 ##$$a 0010-061300000011551 =008 201110################g##########0#ind## =041 ##$$a Ind =082 ##$$a 324.209 58 =090 ##$$a 320, Pan m =100 1#$$a Pandiangan, Andreas =245 1#$$a Menggugat Kemandirian golkar. /$c Andreas Pandiangan =260 ##$$a Yogyakarta :$b Bigraf Publishing,$c 1996 =300 ##$$a xix, 230 hlm. ; $c 15x21 cm. =850 ##$$a NBPNMAT =020 ##$$a 979-8681-08-1 =084 ##$$a 324.209 58 PAN m =650 #4$$a Partai Politik- Golkar =504 ##$$a Bibliografi : hlm. 216 - 230 =990 ##$$a 105.307 pro.96 =990 ##$$a 105.306 pro.96 =990 ##$$a 106.484 pb.96 =990 ##$$a 106.486 pb.96 =990 ##$$a 114.716 pro.97 =990 ##$$a 1199701426 =990 ##$$a 00033413 =990 ##$$a 105.307 pro.96 =990 ##$$a 105.306 pro.96 =990 ##$$a 106.484 pb.96 =990 ##$$a 106.486 pb.96 =990 ##$$a 114.716 pro.97